A Revised Survey of the Forest Type of India (Record no. 248594)

MARC details
000 -LEADER
fixed length control field 00303pam a2200121 a 4500
020 ## - INTERNATIONAL STANDARD BOOK NUMBER
Terms of availability
041 ## - LANGUAGE CODE
Language code of original
100 ## - MAIN ENTRY--PERSONAL NAME
Personal name HARRYG. CHAMPION.,
Relator term AUTHOR.
245 ## - TITLE STATEMENT
Title A Revised Survey of the Forest Type of India
Medium Textual Documents
260 ## - PUBLICATION, DISTRIBUTION, ETC.
Place of publication, distribution, etc. [s.l]:
Name of publisher, distributor, etc. NATRAJ PUBLISHERS.
300 ## - PHYSICAL DESCRIPTION
Extent 404.
930 ## - EQUIVALENCE OR CROSS-REFERENCE-UNIFORM TITLE HEADING [LOCAL, CANADA]
Uniform title 2743
Holdings
Withdrawn status Lost status Damaged status Not for loan Collection Home library Current library Date acquired Source of acquisition Cost, normal purchase price Total Checkouts Full call number Barcode Date due Date last seen Date last checked out Copy number Price effective from Koha item type
          Institute of Environment Education & Research, Pune Institute of Environment Education & Research, Pune 22/01/2020 THE WORD BOOK SHOP PUNE-1 716.00 1 EVP-2160 24/01/2024 16/01/2024 16/01/2024 1 03/04/2023 Book